000
00275nam a22001217a 4500
008
180122b xxu||||| |||| 00| 0 eng d
041
_a
eng
080
_2
6 ED
_a
34
100
_a
14
101
_a
JUR
245
_a
CONTRACTS CASES AND MATERIALS
_c
CAROL.S
942
_2
udc
_c
BK
999
_c
40632
_d
40632